| 000 | 00713cab a2200289 4500 | ||
|---|---|---|---|
| 001 | ABS60429 | ||
| 008 | 090401t1999 xxu||||| |||| 00| 0 eng d | ||
| 035 | _a(Sirsi) u93019 | ||
| 041 | _aeng | ||
| 100 | _aDoran, F. | ||
| 245 | _aForbidden and forbidding | ||
| 260 | _c1999 | ||
| 350 | _a0 | ||
| 490 |
_aBuilding _v264(8083) 16 April 1999, 57(1) |
||
| 650 | _aANTI-COMPETITIVE PRACTICES | ||
| 650 | _aCARTELS | ||
| 650 | _aCOLLUSION | ||
| 650 | _aCOMPETITION ACT 1998 | ||
| 650 | _aCOOPERATION | ||
| 650 | _aMARKET SHARING | ||
| 650 | _aPARTNERING | ||
| 650 | _aPRICE FIXING | ||
| 650 | _aTENDERING | ||
| 690 | _aBUILDING AND CONSTRUCTION-REGULATIONS | ||
| 942 | _n0 | ||
| 948 | _c28/04/1999 | ||
| 999 |
_c58954 _d58954 |
||